[Event "Tournoi Skype 017B"]
[Site "Skype"]
[Date "????.??.??"]
[Round "7.4"]
[White "Talbot, Jacques"]
[Black "Ramirez Reina, Orlando"]
[Result "1-0"]
[WhiteElo "1452"]
[BlackElo "1442"]
[PlyCount "83"]

1. e4 c5 2. Nf3 g6 3. d4 cxd4 4. Nxd4 Bg7 5. Be3 Nc6 6. Nc3 Nf6 7. Be2 O-O 8.
O-O d5 9. exd5 Nxd5 10. Nxd5 Qxd5 11. Bf3 Qd6 12. Nxc6 Qxd1 13. Nxe7+ Kh8 14.
Rfxd1 Rb8 15. Nxc8 Rbxc8 16. c3 b6 17. Rd7 Rfe8 18. Rad1 Bf6 19. Rxf7 Bd8 20.
Bd4+ Kg8 21. Rg7+ Kf8 22. Rxh7 Rc7 23. Rxc7 Bxc7 24. h3 g5 25. Kf1 a5 26. Re1
Rxe1+ 27. Kxe1 Ke7 28. Kd2 Bf4+ 29. Kd3 b5 30. Be3 Ke6 31. Bxf4 gxf4 32. Ke4
Kd6 33. Kxf4 Kc5 34. h4 Kc4 35. h5 b4 36. cxb4 axb4 37. h6 b3 38. axb3+ Kxb3
39. h7 Kxb2 40. h8=Q+ Kc2 41. Be4+ Kd2 42. Qb2+ 1-0

[Event "Tournoi Skype 017B"]
[Site "Skype"]
[Date "????.??.??"]
[Round "7.5"]
[White "Sauvaget, Joel"]
[Black "Tamditi, Ibrahim"]
[Result "1-0"]
[WhiteElo "1561"]
[BlackElo "1288"]
[PlyCount "29"]

1. d4 e5 2. dxe5 Nc6 3. Nf3 Qe7 4. e3 Nxe5 5. Nbd2 d6 6. Nxe5 dxe5 7. Be2 Bd7
8. O-O O-O-O 9. Qe1 Bc6 10. Nf3 g6 11. Bd2 Bg7 12. Bc3 Nf6 13. Nxe5 Nd7 14.
Nxc6 Bxc3 15. Nxe7+ 1-0

[Event "Tournoi Skype 017B"]
[Site "Skype"]
[Date "????.??.??"]
[Round "7.6"]
[White "Milanese, Serge"]
[Black "Kruzeniski, Randy"]
[Result "1-0"]
[WhiteElo "1294"]
[BlackElo "1456"]
[PlyCount "87"]

1. d4 d5 2. c4 c6 3. Nc3 Nf6 4. g3 e6 5. a3 Nbd7 6. Nf3 Be7 7. Bg2 a6 8. Bf4
O-O 9. e3 h6 10. Ne5 g5 11. Nxd7 Qxd7 12. Be5 dxc4 13. Qf3 Kg7 14. Bxf6+ Bxf6
15. h4 Qe8 16. hxg5 Bxg5 17. Ne4 f5 18. Nd6 Qg6 19. Nxc4 a5 20. Ne5 Qf6 21. Qd1
Ra6 22. a4 Qe7 23. f4 Qb4+ 24. Kf2 Bf6 25. Qh5 Bxe5 26. Qxh6+ Kf7 27. Qh7+ Bg7
28. Qh5+ Ke7 29. Qg5+ Bf6 30. Qg6 Rf7 31. Bf3 Bd7 32. g4 Qd2+ 33. Be2 fxg4 34.
Qxg4 Ra8 35. Qg6 Rg7 36. Rh7 Rag8 37. Rxg7+ Rxg7 38. Qh5 b6 39. Rh1 Be8 40. Qh3
Bg6 41. Qg2 Qxb2 42. Qxc6 Kf7 43. Rh8 Bd3 44. Qe8# 1-0

[Event "Tournoi Skype 017B"]
[Site "Skype"]
[Date "????.??.??"]
[Round "7.7"]
[White "Sahrane, Juba"]
[Black "Rivas, Jonathan"]
[Result "1-0"]
[WhiteElo "1222"]
[BlackElo "1433"]
[PlyCount "79"]

1. e4 g6 2. d4 Bg7 3. Nf3 Nc6 4. c3 d6 5. Bb5 Bd7 6. Bf4 Nf6 7. e5 Nd5 8. Bg3
O-O 9. O-O Re8 10. Re1 a6 11. Bc4 e6 12. Qb3 Na5 13. Qd1 Nxc4 14. Qd3 Nxb2 15.
Qc2 Nc4 16. Nbd2 Na3 17. Qb3 Nb5 18. c4 Nxd4 19. Nxd4 Nb6 20. exd6 cxd6 21.
Bxd6 Bxd4 22. Rab1 Ba4 23. Qb4 a5 24. Qa3 Qd7 25. c5 Nd5 26. Nb3 Bc3 27. Rec1
Bb4 28. Qb2 Bxb3 29. axb3 Qb5 30. Rc4 Rec8 31. Rbc1 Qc6 32. Be5 Ne7 33. Bh8 Nf5
34. g4 Kf8 35. gxf5 gxf5 36. Bg7+ Ke8 37. Qf6 Rc7 38. Bh6 Rac8 39. Qh8+ Ke7 40.
Bg5+ 1-0

[Event "Tournoi Skype 017B"]
[Site "Skype"]
[Date "????.??.??"]
[Round "7.10"]
[White "Martin, Jean-Claude"]
[Black "Kruk, Clementine"]
[Result "1-0"]
[WhiteElo "1455"]
[BlackElo "1187"]
[PlyCount "105"]

1. d4 d5 2. c4 e6 3. Nc3 c6 4. Nf3 Nd7 5. Bf4 Ngf6 6. e3 Qa5 7. a3 dxc4 8. Bxc4
Ne4 9. b4 Bxb4 10. axb4 Qxb4 11. Qb3 Qxb3 12. Bxb3 Nxc3 13. Rc1 Nd5 14. Be5 f6
15. Bd6 a5 16. e4 Nb4 17. Bxb4 axb4 18. Bxe6 c5 19. Bxd7+ Bxd7 20. dxc5 Rc8 21.
O-O g5 22. Nd4 Bc6 23. Nxc6 bxc6 24. Rfd1 h5 25. Rd3 g4 26. g3 h4 27. Rb1 Rb8
28. Rd6 hxg3 29. hxg3 Ke7 30. Rxc6 b3 31. Rb6 Rhc8 32. R6xb3 Kd7 33. Rxb8 Rxb8
34. Rxb8 Kc6 35. Rc8+ Kd7 36. Rf8 Kc6 37. Rxf6+ Kxc5 38. Rg6 Kd4 39. Rxg4 Ke5
40. f3 Ke6 41. Rf4 Ke5 42. Rf5+ Kd4 43. g4 Ke3 44. Kg2 Kd4 45. g5 Ke3 46. g6
Kd4 47. g7 Ke3 48. g8=Q Kd4 49. Qd5+ Ke3 50. e5 Ke2 51. e6 Ke3 52. Re5+ Kf4 53.
Qe4# 1-0

[Event "Tournoi Skype 017B"]
[Site "Skype"]
[Date "????.??.??"]
[Round "7.12"]
[White "Torres, Vicky"]
[Black "De Coninck, Philippe"]
[Result "1-0"]
[WhiteElo "1323"]
[BlackElo "1492"]
[PlyCount "69"]

1. c4 e5 2. Nc3 Nf6 3. g3 c6 4. Bg2 Bb4 5. e3 Bxc3 6. dxc3 O-O 7. Ne2 Qb6 8.
O-O Qc5 9. b3 a5 10. a4 d5 11. Ba3 Qb6 12. Bxf8 Kxf8 13. cxd5 e4 14. Nf4 g5 15.
Nh5 cxd5 16. Nxf6 Qxf6 17. Qxd5 Qe7 18. Qxe4 Qxe4 19. Bxe4 h6 20. Rad1 Ke7 21.
Rd4 Na6 22. Rfd1 Nc5 23. Bc2 Be6 24. b4 Nd7 25. Re4 b6 26. Bb3 Rc8 27. Bxe6
fxe6 28. Rd3 Nf6 29. Red4 Nd5 30. c4 Nxb4 31. Rd7+ Kf6 32. R3d6 Rxc4 33. Rd8
Ke7 34. R8d7+ Kf6 35. Rxb6 1-0

[Event "Tournoi Skype 017B"]
[Site "Skype"]
[Date "????.??.??"]
[Round "7.13"]
[White "Vervoort, Jean-Louis"]
[Black "Galani, Mahendra"]
[Result "0-1"]
[WhiteElo "1330"]
[BlackElo "1448"]
[PlyCount "70"]

1. d4 d5 2. c4 c6 3. Nc3 Nf6 4. Bg5 Ne4 5. Nxe4 dxe4 6. e3 Qa5+ 7. Qd2 Qxg5 8.
Nh3 Qf6 9. c5 Bg4 10. Be2 Bxh3 11. gxh3 Qg6 12. O-O-O Qh6 13. Bg4 e6 14. Rhg1
f5 15. Be2 Qxh3 16. Rh1 Be7 17. Rdg1 Qh6 18. Rg2 Bg5 19. Kb1 Nd7 20. Rhg1 Bf6
21. Qd1 O-O-O 22. Qa4 Kb8 23. Qb3 e5 24. Ba6 b6 25. Rc1 exd4 26. cxb6 Nxb6 27.
Rxc6 Ka8 28. Rxb6 axb6 29. Qxb6 Rb8 30. Qc6+ Ka7 31. Bb5 Rb6 32. Qc7+ Rb7 33.
Qa5+ Kb8 34. Bc6 Bd8 35. Bxb7 Bxa5 0-1

[Event "Tournoi Skype 017B"]
[Site "Skype"]
[Date "????.??.??"]
[Round "7.14"]
[White "Battaglia, Gabriele"]
[Black "Hargez, Dany"]
[Result "0-1"]
[WhiteElo "1301"]
[BlackElo "1421"]
[PlyCount "68"]

1. Nf3 d5 2. g3 Bf5 3. Bg2 Be4 4. d3 Bxf3 5. Bxf3 e5 6. O-O Nf6 7. Bg5 h6 8.
Bxf6 Qxf6 9. Bxd5 Be7 10. Bxb7 e4 11. Bxe4 Qxb2 12. Bxa8 Qxa1 13. Bd5 O-O 14.
Nd2 Qe5 15. Bb3 Nd7 16. Qa1 Qd6 17. Ne4 Qg6 18. Qd4 Nf6 19. Nxf6+ Bxf6 20. Qxa7
Be5 21. Qc5 Bd6 22. Qc4 Kh7 23. e4 Bf4 24. Kh1 Bd6 25. f4 c5 26. e5 Be7 27. Re1
h5 28. Qb5 Qg4 29. Bd5 h4 30. Be4+ g6 31. Rg1 hxg3 32. hxg3 Kg7 33. Kg2 Qe2+
34. Kh1 Rh8# 0-1

[Event "Tournoi Skype 017B"]
[Site "Skype"]
[Date "????.??.??"]
[Round "7.15"]
[White "Moumtaz, Abderrahim"]
[Black "Dubois, Real"]
[Result "0-1"]
[WhiteElo "1216"]
[BlackElo "1410"]
[PlyCount "118"]

1. d4 d5 2. c4 e6 3. Nf3 Nf6 4. Nc3 c6 5. Bg5 Be7 6. e3 Nbd7 7. Bd3 Qc7 8. Rc1
a6 9. O-O O-O 10. a3 Re8 11. Re1 Qb6 12. b4 dxc4 13. Bxc4 Nd5 14. Nxd5 exd5 15.
Bd3 Nf8 16. Bxe7 Rxe7 17. Ne5 Be6 18. Qc2 Rae8 19. Bf5 Bxf5 20. Qxf5 Qc7 21. a4
Qd6 22. e4 dxe4 23. Rxe4 Qxb4 24. d5 Qd6 25. Rce1 Qxd5 26. f4 Qe6 27. Qxe6 Nxe6
28. Nf3 Kf8 29. f5 Nc5 30. Rxe7 Rxe7 31. Rxe7 Kxe7 32. Ng5 h6 33. Nf3 Nxa4 34.
Ne5 c5 35. Kf2 b5 36. Nc6+ Kd6 37. Na5 c4 38. Nb7+ Ke5 39. g4 Nc3 40. Nc5 a5
41. Ke3 Nd5+ 42. Kd2 c3+ 43. Kc2 b4 44. Nd3+ Kd4 45. Nc1 Ne3+ 46. Kb3 Nxg4 47.
Ne2+ Kc5 48. Ka4 Kb6 49. Nd4 Nxh2 50. Nc2 Nf3 51. Kb3 h5 52. Kc4 h4 53. Ne3 h3
54. Nd5+ Ka7 55. f6 g6 56. Kb5 c2 57. Kxa5 c1=Q 58. Nxb4 Nd4 59. Na2 Qa3# 0-1

[Event "Tournoi Skype 017B"]
[Site "Skype"]
[Date "????.??.??"]
[Round "7.16"]
[White "Lemoine, Gerard"]
[Black "Porcabeuf, Jean-Marc"]
[Result "1/2-1/2"]
[WhiteElo "1202"]
[BlackElo "1373"]
[PlyCount "90"]

1. d4 d5 2. c4 c6 3. Nc3 h6 4. Nf3 Bf5 5. Bf4 Nd7 6. e3 Ngf6 7. Be2 e6 8. O-O
Nh5 9. Qb3 Nxf4 10. exf4 Qc7 11. Rfe1 Nf6 12. Nh4 Bh7 13. Bf3 Rb8 14. cxd5 Qxf4
15. dxc6 Bd6 16. Nb5 Qxh2+ 17. Kf1 O-O 18. Rac1 bxc6 19. Bxc6 a6 20. Nf3 Qh1+
21. Ke2 Qh5 22. Rh1 Qf5 23. Nh4 Qg4+ 24. Qf3 Qxf3+ 25. Bxf3 axb5 26. Rc6 Bf4
27. g3 Bg5 28. Rc5 Rbd8 29. Rd1 Rfe8 30. Bc6 Re7 31. Nf3 Be4 32. Bxb5 Bc2 33.
Rh1 e5 34. Rxc2 exd4+ 35. Kd1 Ne4 36. Nxg5 hxg5 37. Re1 d3 38. Rc6 d2 39. Re3
Nxf2+ 40. Ke2 d1=Q+ 41. Kxf2 Qd2+ 42. Re2 Qd4+ 43. Kf1 g4 44. Rxe7 Qf6+ 45.
Rxf6 gxf6 1/2-1/2

[Event "Tournoi Skype 017B"]
[Site "Skype"]
[Date "????.??.??"]
[Round "7.17"]
[White "Lowery, Mike"]
[Black "Guillaume, Mickael"]
[Result "1-0"]
[WhiteElo "1369"]
[BlackElo "1000"]
[PlyCount "55"]

1. d4 d5 2. Nf3 Nf6 3. Bf4 Nc6 4. e3 a6 5. c4 e6 6. Nc3 Bd6 7. Bxd6 Qxd6 8.
cxd5 Nxd5 9. Bd3 f6 10. O-O Bd7 11. Qb3 Ncb4 12. Bc4 Bb5 13. Nxb5 axb5 14.
Bxb5+ c6 15. Bc4 O-O 16. a3 Na6 17. Qxb7 h6 18. Bxa6 c5 19. dxc5 Qxa6 20. Qxa6
Rxa6 21. Rac1 Rc8 22. Rc2 Ne7 23. Nd2 f5 24. Nc4 Rxc5 25. Rfc1 Rac6 26. b4 Rd5
27. Rb2 Rcd6 28. Nxd6 1-0

[Event "Tournoi Skype 017B"]
[Site "Skype"]
[Date "????.??.??"]
[Round "7.18"]
[White "Prasad, Sanjay"]
[Black "Vincent, Andre"]
[Result "1-0"]
[WhiteElo "1231"]
[BlackElo "1187"]
[PlyCount "57"]

1. c4 Nf6 2. d3 g6 3. Nf3 Bg7 4. Nc3 Nc6 5. e4 d6 6. h3 O-O 7. Be2 a6 8. O-O e5
9. a3 Be6 10. Qb3 b5 11. Ng5 Nd4 12. Qd1 Nxe2+ 13. Qxe2 Bd7 14. cxb5 h6 15. Nf3
axb5 16. Be3 c6 17. b4 Nh5 18. Qc2 f5 19. exf5 gxf5 20. a4 f4 21. Bd2 d5 22.
axb5 Rxa1 23. Rxa1 Qf6 24. Ra7 Qe6 25. g4 Bf6 26. bxc6 Qxc6 27. Qb3 Ng7 28.
Nxd5 Bd8 29. Ne7+ 1-0

[Event "Tournoi Skype 017B"]
[Site "Skype"]
[Date "????.??.??"]
[Round "7.20"]
[White "Bhandari, Dattatrey"]
[Black "Picard, Mario"]
[Result "1-0"]
[WhiteElo "1134"]
[BlackElo "1350"]
[PlyCount "71"]

1. d4 d5 2. Nc3 e6 3. Nf3 Nf6 4. h3 Be7 5. Bf4 O-O 6. Qd3 c5 7. dxc5 Bxc5 8.
Nb5 Bb6 9. Bg5 Ba5+ 10. c3 h6 11. Bf4 Qe7 12. Bd6 Qd8 13. Bxf8 Qxf8 14. Ne5 Qe8
15. b4 Bb6 16. Nd6 Qf8 17. Nexf7 Bc7 18. Qg3 Bxd6 19. Nxd6 Qxd6 20. Qxd6 Nc6
21. b5 Na5 22. Qd8+ Kf7 23. Qxa5 b6 24. Qa3 Ne4 25. e3 Nc5 26. Be2 Bb7 27. O-O
Ne4 28. f3 Ng3 29. Rfe1 g5 30. Bd1 h5 31. Qd6 Nf5 32. Qc7+ Kf6 33. Qxb7 Rh8 34.
e4 Ng3 35. e5+ Kf5 36. Qf7# 1-0

[Event "Tournoi Skype 017B"]
[Site "Skype"]
[Date "????.??.??"]
[Round "7.21"]
[White "Bouffard, Georges"]
[Black "Amato, Ludovica"]
[Result "0-1"]
[WhiteElo "1000"]
[BlackElo "1207"]
[PlyCount "38"]

1. e4 e5 2. Bc4 Nf6 3. Nc3 Nxe4 4. Qe2 Nxc3 5. bxc3 Nc6 6. Nf3 d5 7. Bb3 Bd6 8.
d4 f6 9. Bxd5 Qe7 10. Be3 Be6 11. Bb3 O-O 12. d5 Bg4 13. Qd1 Na5 14. O-O e4 15.
Re1 exf3 16. gxf3 Bh3 17. f4 Qe4 18. f3 Qg6+ 19. Kf2 Qg2# 0-1

[Event "Tournoi Skype 017B"]
[Site "Skype"]
[Date "????.??.??"]
[Round "7.22"]
[White "Lequeux, Pierre"]
[Black "Alverson, Ginny"]
[Result "0-1"]
[WhiteElo "1243"]
[BlackElo "1124"]
[PlyCount "56"]

1. d4 Nf6 2. Nc3 d5 3. Nf3 e6 4. Bg5 Nbd7 5. e3 Be7 6. Ne5 Nxe5 7. dxe5 Nd7 8.
Bf4 O-O 9. e4 Nc5 10. exd5 exd5 11. Nxd5 Ne6 12. Nxe7+ Qxe7 13. Bd2 Nd4 14. a3
Qxe5+ 15. Be3 Qa5+ 16. b4 Nxc2+ 17. Ke2 Qb5+ 18. Kf3 Qf5+ 19. Bf4 Qg4+ 20. Ke4
Bf5+ 21. Ke5 Rae8+ 22. Kd5 Qxf4 23. Qf3 Qe5+ 24. Kc4 Qe6+ 25. Kc3 Nxa1 26. Bc4
Qf6+ 27. Kd2 Qb2+ 28. Kd1 Qc2# 0-1

[Event "Tournoi Skype 017B"]
[Site "Skype"]
[Date "????.??.??"]
[Round "7.23"]
[White "Homme, Jim"]
[Black "Gagnon, Sindy"]
[Result "1-0"]
[WhiteElo "1236"]
[BlackElo "1000"]
[PlyCount "67"]

1. e4 e5 2. Nf3 Nf6 3. Nc3 d6 4. Bc4 Be7 5. O-O O-O 6. d3 Nc6 7. Be3 h6 8. Qd2
Ng4 9. Rfe1 Qe8 10. Nd5 Bd8 11. c3 f5 12. h3 Nf6 13. Nxc7+ Nd5 14. Nxe8 Rxe8
15. Bxd5+ Kf8 16. d4 exd4 17. cxd4 fxe4 18. Bxh6 gxh6 19. Qxh6+ Ke7 20. Rxe4+
Ne5 21. Qh7+ Kf8 22. Ng5 Bxg5 23. dxe5 Be6 24. Bxe6 Rxe6 25. Qh8+ Kf7 26. Qxa8
Be7 27. Rd1 dxe5 28. Qxb7 a5 29. Qd5 a4 30. Rxe5 Bd6 31. Rxe6 Kg8 32. Qxd6 Kf7
33. Rf6+ Ke8 34. Rf8# 1-0

[Event "Tournoi Skype 017B"]
[Site "Skype"]
[Date "????.??.??"]
[Round "7.24"]
[White "Martin, Elise"]
[Black "Farthouat, Catherine"]
[Result "1-0"]
[WhiteElo "1038"]
[BlackElo "1197"]
[PlyCount "107"]

1. e4 g6 2. d3 Bg7 3. Nc3 Nf6 4. Nf3 d6 5. Be2 O-O 6. Be3 Nc6 7. O-O a6 8. Re1
e5 9. a3 Ng4 10. Qd2 f5 11. h3 Nxe3 12. Qxe3 f4 13. Qc1 b6 14. b4 Be6 15. Qb2
b5 16. d4 d5 17. dxe5 d4 18. Na2 Re8 19. Qc1 Re7 20. Qxf4 Qf8 21. Qxf8+ Kxf8
22. Ng5 Bxa2 23. Rxa2 h6 24. Nf3 Nxe5 25. Nd2 Rc8 26. Nb3 Nd7 27. Nxd4 Rxe4 28.
Nc6 Ne5 29. Na7 Ra8 30. Nc6 Nxc6 31. c4 Nd4 32. cxb5 Nxb5 33. a4 Nc3 34. Rc2
Rd8 35. Rxc3 Bxc3 36. Rc1 Bd2 37. Rxc7 Rxe2 38. b5 Re1+ 39. Kh2 axb5 40. axb5
Rf1 41. b6 Bf4+ 42. g3 Rxf2+ 43. Kg1 Rd1+ 44. Kxf2 Rd2+ 45. Ke1 Be3 46. b7 Rb2
47. g4 Bf2+ 48. Kf1 Be3 49. h4 Rb1+ 50. Kg2 Rg1+ 51. Kf3 Rf1+ 52. Kxe3 Re1+ 53.
Kd4 g5 54. b8=Q+ 1-0

[Event "Tournoi Skype 017B"]
[Site "Skype"]
[Date "????.??.??"]
[Round "7.26"]
[White "Baker, Abi"]
[Black "Douichi, Mohammed"]
[Result "0-1"]
[WhiteElo "1149"]
[BlackElo "1172"]
[PlyCount "104"]

1. c4 d5 2. e3 e5 3. Nc3 e4 4. cxd5 Nf6 5. d3 Bb4 6. Bd2 Bxc3 7. Bxc3 Qxd5 8.
d4 O-O 9. Qc2 Bf5 10. Ne2 Bg6 11. Nf4 Qg5 12. Bb4 Rc8 13. g3 Nc6 14. Nxg6 Qxg6
15. a3 a5 16. Bc3 Qf5 17. Rd1 Qf3 18. Rg1 Nd5 19. Bg2 Nxe3 20. Bxf3 Nxc2+ 21.
Ke2 exf3+ 22. Kxf3 N6xd4+ 23. Bxd4 Nxd4+ 24. Rxd4 c5 25. Rd7 Rab8 26. Re1 Rc6
27. Rxb7 Rf6+ 28. Kg4 Rd8 29. f4 g6 30. Re5 h5+ 31. Kg5 Rc6 32. b4 f6+ 33. Kh6
fxe5 34. fxe5 Kf8 35. bxa5 c4 36. Rg7 g5+ 37. Rg6 Rdc8 38. Rxc6 Rxc6+ 39. Kxg5
c3 40. Kxh5 Rc5 41. a6 Rxe5+ 42. Kg4 Re7 43. h4 c2 44. h5 c1=Q 45. Kh4 Qc4+ 46.
g4 Qxa6 47. g5 Qa4+ 48. Kg3 Re3+ 49. Kf2 Qf4+ 50. Kg2 Qf3+ 51. Kh2 Re2+ 52. Kg1
Qg2# 0-1

[Event "Tournoi Skype 017B"]
[Site "Skype"]
[Date "????.??.??"]
[Round "7.27"]
[White "Morin, Claude"]
[Black "Mimouni, Driss"]
[Result "1-0"]
[WhiteElo "1037"]
[BlackElo "1199"]
[PlyCount "89"]

1. e4 e5 2. Nf3 Nc6 3. Bc4 d6 4. h3 Be6 5. Bb5 Qd7 6. c3 a6 7. Bd3 Nf6 8. O-O
d5 9. exd5 Nxd5 10. Bc2 Nf4 11. d4 exd4 12. Bxf4 g6 13. cxd4 Bc4 14. Re1+ Be7
15. b3 Bb5 16. Re3 O-O 17. Bh6 Rfe8 18. Nbd2 Nb4 19. Bb1 Qc6 20. Qe1 Bf8 21.
Bxf8 Rxf8 22. Re7 Qf6 23. Bxg6 Qxg6 24. Nh4 Nc2 25. Qd1 Nxa1 26. Qxa1 Qc2 27.
Ndf3 Be2 28. Ng5 Rad8 29. a4 Rd5 30. Nxf7 Rxf7 31. Rxf7 Kxf7 32. Qa3 Qd1+ 33.
Kh2 Qf1 34. b4 Rxd4 35. Qb3+ Kf8 36. Qe6 Rd1 37. Qc8+ Ke7 38. Nf5+ Kf6 39. Ne3
Qh1+ 40. Kg3 Rg1 41. Nd5+ Kg5 42. h4+ Kh5 43. Qf5+ Kh6 44. Nf4 Rf1 45. Qf6# 1-0

[Event "Tournoi Skype 017B"]
[Site "Skype"]
[Date "????.??.??"]
[Round "7.28"]
[White "Tu, Harrison"]
[Black "Marty, Yvette"]
[Result "0-1"]
[WhiteElo "1199"]
[BlackElo "1000"]
[PlyCount "28"]

1. e4 e5 2. Nf3 Nc6 3. Bc4 Bc5 4. c3 Nge7 5. O-O Na5 6. Bb5 c6 7. d4 Bb6 8.
dxe5 cxb5 9. Nbd2 d5 10. exd5 Nxd5 11. Qe2 O-O 12. e6 fxe6 13. c4 bxc4 14. Qd3
cxd3 0-1